| 000 | 01279cam a2200337 a 4500 | ||
|---|---|---|---|
| 090 | _c0 | ||
| 001 | 12818312 | ||
| 005 | 20020706074326.0 | ||
| 008 | 020614s2003 maua b 001 0 eng | ||
| 010 | _a2001133322 | ||
| 020 | _a061819150X (Instructor's annotated ed.) | ||
| 020 | _a0618191496 (student's edition) | ||
| 040 |
_aDLC _cDLC _dDLC |
||
| 050 | 0 | 0 |
_aHD30.3 _b.O26 2003 |
| 082 | 0 | 0 |
_a658.45 _221 _bOBE |
| 100 | 1 |
_aOber, Scot, _d1946- |
|
| 245 | 1 | 0 |
_aContemporary Business Communication / _cScot Ober. |
| 246 | 3 | 0 | _aBusiness communication |
| 250 | _a5th ed., instructor's annotated ed. | ||
| 260 |
_aBoston : _bHoughton Mifflin Co., _cc2003. |
||
| 300 |
_axxxi, 664 p. : _bill. (some col.) ; _c26 cm. |
||
| 500 | _aMulti-media materials are available to supplement the text. | ||
| 504 | _aIncludes bibliographical references (p. 642-646) and index. | ||
| 650 | 0 | _aCommunication in management. | |
| 650 | 0 | _aCommunication in organizations. | |
| 650 | 0 | _aBusiness communication. | |
| 650 | 0 | _aBusiness writing. | |
| 942 |
_2ddc _cBB |
||
| 999 |
_c10437 _d10437 |
||